| 000 | 01297nam a2200349 i 4500 | ||
|---|---|---|---|
| 001 | bg | ||
| 003 | BPK | ||
| 005 | 20221130101144.0 | ||
| 008 | 080822s2008 pl a f |001 0 pol | ||
| 015 | _aPB 2008/22429 | ||
| 020 | _a9788375266368 | ||
| 040 |
_aWA N _cBPK |
||
| 041 | 1 |
_apol _heng |
|
| 080 | _a005.95/.96 | ||
| 080 | _a(083.1) | ||
| 100 | 1 |
_aBaron, Angela. _eAutor |
|
| 245 | 1 | 0 |
_aZarządzanie kapitałem ludzkim : _buzyskiwanie wartości dodanej dzięki ludziom / _cAngela Baron, Michael Armstrong ; [przekł. Ewa Muszczynko]. |
| 246 | 1 |
_iTyt. oryg.: _aHuman capital management : _bachieving added value trough people, _f2007. |
|
| 260 |
_aKraków ; _aWarszawa : _bWolters Kluwer Polska, _c2008. |
||
| 300 |
_a253 s. : _bil. ; _c24 cm. |
||
| 490 | 1 | _aHR. | |
| 504 | _aBibliogr. s. 243-248. Indeks. | ||
| 650 | 4 |
_aZarządzanie zasobami ludzkimi (HRM) _xpolityka. |
|
| 650 | 4 | _aZarządzanie | |
| 655 | 4 | _aPoradnik | |
| 700 | 1 |
_aMuszczynko, Ewa. _eTłumaczenie |
|
| 710 | 2 |
_aWolters Kluwer _4pbl. |
|
| 700 | 1 |
_aArmstrong, Michael _d(1928- ) _eAutor |
|
| 830 | 0 | _aZarządzanie Zasobami Ludzkimi HR | |
| 942 |
_2UKD _cKS |
||
| 856 |
_uhttp://koha.tu.koszalin.pl/cgi-bin/koha/opac-detail.pl?biblionumber=56402 _yKatalog online BPK |
||
| 999 |
_c56402 _d56402 |
||